Mind, Matter, and quantum Mechanics (Record no. 530982)

000 -LEADER
fixed length control field 00349nam a2200133Ia 4500
008 - FIXED-LENGTH DATA ELEMENTS--GENERAL INFORMATION
fixed length control field 191014s9999 xx 000 0 und d
020 ## - INTERNATIONAL STANDARD BOOK NUMBER
International Standard Book Number 3-540-56289-3
082 ## - DEWEY DECIMAL CLASSIFICATION NUMBER
Classification number 128.2
Author Mark STA
100 ## - MAIN ENTRY--PERSONAL NAME
Personal name Henry P. Stapp
9 (RLIN) 20402
245 #0 - TITLE STATEMENT
Title Mind, Matter, and quantum Mechanics
260 ## - PUBLICATION, DISTRIBUTION, ETC.
Place of publication, distribution, etc. Berlin
Name of publisher, distributor, etc. Springer-Verlag
Date of publication, distribution, etc. 1993
300 ## - PHYSICAL DESCRIPTION
Extent Xii,241
942 ## - ADDED ENTRY ELEMENTS (KOHA)
Koha item type Book
Holdings
Withdrawn status Lost status Damaged status Not for loan Permanent Location Current Location Date acquired Source of acquisition Cost, normal purchase price Total Checkouts Full call number Barcode Date last seen Price effective from Koha item type
        School of Natural Sciences (SNS) School of Natural Sciences (SNS) 10/15/2019 Donation 0.00   128.2STA SNS0002759 10/15/2019 10/15/2019 Book
© 2023 Central Library, National University of Sciences and Technology. All Rights Reserved.